The Holy Russian Church and Western Christianity / (Record no. 129104)
[ view plain ]
| 000 -LEADER | |
|---|---|
| fixed length control field | 01475cam a2200361 a 4500 |
| 001 - CONTROL NUMBER | |
| control field | 120757 |
| 003 - CONTROL NUMBER IDENTIFIER | |
| control field | ARRUPE |
| 005 - DATE AND TIME OF LATEST TRANSACTION | |
| control field | 20190307112645.0 |
| 008 - FIXED-LENGTH DATA ELEMENTS--GENERAL INFORMATION | |
| fixed length control field | 970121s1996 enk b 000 0 eng d |
| 010 ## - LIBRARY OF CONGRESS CONTROL NUMBER | |
| LC control number | 97106506 |
| 020 ## - INTERNATIONAL STANDARD BOOK NUMBER | |
| International Standard Book Number | 1570750750 (Maryknoll) |
| 035 ## - SYSTEM CONTROL NUMBER | |
| System control number | (OCoLC)36224079 |
| 040 ## - CATALOGING SOURCE | |
| Original cataloging agency | KyLoL |
| Transcribing agency | KyLoL |
| Modifying agency | DLC |
| 042 ## - AUTHENTICATION CODE | |
| Authentication code | lccopycat |
| 043 ## - GEOGRAPHIC AREA CODE | |
| Geographic area code | e-ur--- |
| 050 00 - LIBRARY OF CONGRESS CALL NUMBER | |
| Classification number | BX512 |
| Item number | .H65 1996 |
| 082 00 - DEWEY DECIMAL CLASSIFICATION NUMBER | |
| Classification number | 281.9/47 |
| Edition number | 21 |
| 300 ## - PHYSICAL DESCRIPTION | |
| Dimensions | 22 cm. |
| 245 04 - TITLE STATEMENT | |
| Title | The Holy Russian Church and Western Christianity / |
| Statement of responsibility, etc | edited by Giuseppe Alberigo and Oscar Beozzo with Georgy Zyablitsev. |
| 260 ## - PUBLICATION, DISTRIBUTION, ETC. (IMPRINT) | |
| Place of publication, distribution, etc | London : |
| Name of publisher, distributor, etc | SCM Press ; |
| Place of publication, distribution, etc | Maryknoll, NY : |
| Name of publisher, distributor, etc | Orbis Books, |
| Date of publication, distribution, etc | c1996. |
| 300 ## - PHYSICAL DESCRIPTION | |
| Extent | viii, 163 p. ; |
| 490 1# - SERIES STATEMENT | |
| Series statement | Concilium ; |
| Volume number/sequential designation | 1996/6 |
| 504 ## - BIBLIOGRAPHY, ETC. NOTE | |
| Bibliography, etc | Includes bibliographical references. |
| 610 20 - SUBJECT ADDED ENTRY--CORPORATE NAME | |
| Corporate name or jurisdiction name as entry element | Orthodox Eastern Church |
| Geographic subdivision | Soviet Union. |
| 9 (RLIN) | 44923 |
| 651 #0 - SUBJECT ADDED ENTRY--GEOGRAPHIC NAME | |
| Geographic name | Soviet Union |
| General subdivision | Church history. |
| 9 (RLIN) | 44924 |
| 700 1# - ADDED ENTRY--PERSONAL NAME | |
| Personal name | Alberigo, Giuseppe. |
| 9 (RLIN) | 44925 |
| Relator term | (ed.) |
| 700 1# - ADDED ENTRY--PERSONAL NAME | |
| Personal name | Beozzo, José Oscar. |
| 9 (RLIN) | 44926 |
| Relator term | (ed.) |
| 700 1# - ADDED ENTRY--PERSONAL NAME | |
| Personal name | Zyablitsev, Georgy. |
| 9 (RLIN) | 44927 |
| Relator term | (ed.) |
| 830 #0 - SERIES ADDED ENTRY--UNIFORM TITLE | |
| Uniform title | Concilium (Glen Rock, N.J.) ; |
| Volume number/sequential designation | 1996/6 |
| 9 (RLIN) | 44928 |
| 906 ## - LOCAL DATA ELEMENT F, LDF (RLIN) | |
| a | 7 |
| b | cbc |
| c | copycat |
| d | 3 |
| e | ncip |
| f | 19 |
| g | y-gencatlg |
| 942 ## - ADDED ENTRY ELEMENTS (KOHA) | |
| Source of classification or shelving scheme | Library of Congress Classification |
| Koha item type | Monograph ( Printed materials) |
| Withdrawn status | Lost status | Source of classification or shelving scheme | Damaged status | Not for loan | Collection code | Home library | Current library | Shelving location | Date acquired | Total Checkouts | Full call number | Barcode | Date last seen | Price effective from | Koha item type |
|---|---|---|---|---|---|---|---|---|---|---|---|---|---|---|---|
| Library of Congress Classification | Main Collection | ARRUPE LIBRARY | ARRUPE LIBRARY | Main Collection | 05/03/2019 | BX512 .H65 1996 | 46600004011 | 05/03/2019 | 05/03/2019 | Monograph ( Printed materials) |